[Event "Bruxelles"]
[Site "?"]
[Date "1987.??.??"]
[Round "?"]
[White "Kasparov, Garry"]
[Black "Ljubojevic, Lj"]
[Result "1/2-1/2"]
[WhiteElo "2735"]
[BlackElo "2620"]
[PlyCount "30"]
[EventDate "1987.??.??"]
[Source "ChessBase"]
[SourceDate "1987.07.01"]

1. c4 c6 2. d4 d5 3. Nc3 Nf6 4. e3 g6 5. Nf3 Bg7 6. Qb3 O-O 7. Bd2 e6 8. Bd3 Nbd7 9. O-O a5 10. Rfe1 Re8 11. e4 a4 12. Qc2 dxe4 13. Nxe4 Nxe4 14. Bxe4 c5 15. d5 Nf6 1/2-1/2

[Event "TCh-RUS"]
[Site "Togliatti"]
[Date "2003.05.16"]
[Round "1"]
[White "Burmakin, Vladimir"]
[Black "Svidler, Peter"]
[Result "1/2-1/2"]
[WhiteElo "2569"]
[BlackElo "2713"]
[PlyCount "84"]
[EventDate "2003.05.16"]
[Source "Roberto Alvarez"]
[SourceDate "2003.05.26"]

1. d4 Nf6 2. Nf3 g6 3. c4 Bg7 4. Nc3 d5 5. e3 O-O 6. Qb3 dxc4 7. Bxc4 c5 8. d5 a6 9. a4 Nbd7 10. e4 Qc7 11. Be2 Rb8 12. Bg5 Ne5 13. Nd2 b5 14. axb5 axb5 15. Nxb5 Qb6 16. Bf4 Nfg4 17. Qg3 c4 18. Na3 Qd4 19. Naxc4 Nxc4 20. Nxc4 Rb4 21. Rd1 Qxe4 22. f3 Qc2 23. Rc1 Qa4 24. fxg4 Ba6 25. Bd1 Qa2 26. b3 Bd4 27. Bd2 Rb5 28. Be3 Bxe3 29. Qxe3 Qxg2 30. Bf3 Qa2 31. Nd2 Rb4 32. Qc3 Rc8 33. Qxb4 Rxc1+ 34. Kf2 Rc2 35. Rd1 Qb2 36. Be4 Qf6+ 37. Kg2 Qf4 38. h3 Be2 39. Qa5 Rxd2 40. Qxd2 Qxe4+ 41. Kh2 Qe5+ 42. Kg2 Qe4+ 1/2-1/2

[Event "7. Open"]
[Site "?"]
[Date "2005.04.10"]
[Round "7"]
[White "Burmakin Vladimir"]
[Black "Navara David"]
[Result "1/2-1/2"]
[WhiteElo "2552"]
[BlackElo "2647"]
[PlyCount "74"]
[EventDate "2005.??.??"]
[Source "www.chesslib.no"]
[SourceDate "2004.05.04"]

1. d4 Nf6 2. c4 g6 3. Nf3 Bg7 4. Nc3 d5 5. e3 O-O 6. Qb3 e6 7. Bd2 b6 8. Be2 Bb7 9. O-O Nbd7 10. cxd5 Nxd5 11. Na4 e5 12. dxe5 Nxe5 13. Nxe5 Bxe5 14. Bf3 Qe7 15. Rfd1 Rfd8 16. Be1 c6 17. Rac1 Rd7 18. Nc3 Nf6 19. Rxd7 Qxd7 20. Rd1 Qc7 21. h3 Rd8 22. Rxd8+ Qxd8 23. Ne4 Nd5 24. Nc5 Bc8 25. Nd3 Bg7 26. Qa4 Nxe3 27. Nb4 Nc4 28. Nxc6 Qe8 29. Bb4 Bd7 30. Qxa7 Bxb2 31. Ne7+ Kg7 32. Bd5 b5 33. Qc5 Bf6 34. Bxc4 Bxe7 35. Qxe7 Qxe7 36. Bxe7 bxc4 37. Bb4 Kf6 1/2-1/2

[Event "EU-ch 3rd"]
[Site "Batumi"]
[Date "2002.06.18"]
[Round "7"]
[White "Aleksandrov, Aleksej"]
[Black "Mamedyarov, Shakhriyar"]
[Result "0-1"]
[WhiteElo "2654"]
[BlackElo "2542"]
[PlyCount "68"]
[EventDate "2002.06.12"]
[Source "ChessBase"]
[SourceDate "2002.09.20"]

1. d4 Nf6 2. c4 g6 3. Nc3 d5 4. Nf3 Bg7 5. e3 O-O 6. Qb3 dxc4 7. Bxc4 c5 8. dxc5 Qa5 9. Bd2 Qxc5 10. Nb5 Nc6 11. Rc1 Qh5 12. h3 Ne4 13. Bb4 Bg4 14. Nfd4 Rad8 15. Nxc6 bxc6 16. Nxa7 c5 17. Ba5 Rb8 18. Nb5 Bd7 19. a4 Qg5 20. Rg1 Kh8 21. Bc7 Rbc8 22. Bh2 f5 23. Qc2 Qh4 24. Rd1 Bc6 25. Bd5 Bxd5 26. Rxd5 Rfd8 27. Rd1 Rxd1+ 28. Kxd1 Rd8+ 29. Kc1 Rd2 30. Qb3 Qxf2 31. Nc3 Qxe3 32. Kb1 Nxc3+ 33. bxc3 Bxc3 34. Rc1 Qd3+ 0-1

[Event "Elista ol (Men)"]
[Site "Elista"]
[Date "1998.10.05"]
[Round "7"]
[White "Aleksandrov, Aleksej"]
[Black "Sturua, Zurab"]
[Result "1-0"]
[WhiteElo "2595"]
[BlackElo "2600"]
[PlyCount "107"]
[EventDate "1998.09.29"]
[Source "ChessBase"]
[SourceDate "1998.11.06"]

1. d4 d5 2. c4 c6 3. Nc3 Nf6 4. e3 g6 5. Nf3 Bg7 6. Qb3 O-O 7. Bd2 e6 8. Bd3 Nbd7 9. O-O dxc4 10. Bxc4 c5 11. Rfd1 cxd4 12. exd4 Nb6 13. Be2 Bd7 14. Ne5 Bc6 15. Nxc6 bxc6 16. Bf4 Nfd5 17. Bg3 Nc8 18. Qb7 Nce7 19. Nxd5 cxd5 20. Bc7 Qc8 21. Ba6 Qxb7 22. Bxb7 Rab8 23. Bxb8 Rxb8 24. Ba6 Rb6 25. Bf1 Rxb2 26. a4 Bf6 27. a5 Rb4 28. Rac1 Bxd4 29. Rc7 Nf5 30. Bd3 Nd6 31. Rb1 Ra4 32. Rd7 Bc5 33. Rc1 Nc4 34. g3 Rxa5 35. Bxc4 dxc4 36. Rxc4 g5 37. h4 h6 38. hxg5 hxg5 39. Rc3 Bb6 40. Rf3 f5 41. Re7 Re5 42. Kf1 Kf8 43. Rb7 Ke8 44. Rd3 Rb5 45. Rd6 Rb1+ 46. Ke2 Rb2+ 47. Kd1 Rxf2 48. Rxe6+ Kd8 49. Rg6 Kc8 50. Rf7 f4 51. g4 Bd8 52. Rc6+ Kb8 53. Rd6 Bc7 54. Rdd7 1-0

[Event "24th Open"]
[Site "Bad Woerishofen GER"]
[Date "2008.03.04"]
[Round "6"]
[White "Georgiev, Vl"]
[Black "Burmakin, V."]
[Result "1/2-1/2"]
[WhiteElo "2581"]
[BlackElo "2611"]
[PlyCount "21"]
[EventDate "2008.02.28"]
[Source "www.chesslib.no"]
[SourceDate "2004.05.04"]

1. d4 d5 2. c4 c6 3. Nf3 Nf6 4. Qb3 g6 5. e3 Bg7 6. Nc3 O-O 7. Bd2 b6 8. Rc1 e6 9. Bd3 Bb7 10. O-O Nbd7 11. cxd5 1/2-1/2

[Event "Beograd"]
[Site "?"]
[Date "1987.??.??"]
[Round "?"]
[White "Kortchnoi, V."]
[Black "Popovic, P."]
[Result "1/2-1/2"]
[WhiteElo "2630"]
[BlackElo "2560"]
[PlyCount "166"]
[EventDate "1987.??.??"]
[Source "ChessBase"]
[SourceDate "1987.07.01"]

1. d4 Nf6 2. c4 g6 3. Nc3 d5 4. Nf3 Bg7 5. e3 O-O 6. Bd2 c6 7. Qb3 b6 8. Be2 e6 9. O-O Bb7 10. Rfd1 Nbd7 11. Qc2 dxc4 12. Bxc4 c5 13. Be1 Qe7 14. Qe2 cxd4 15. exd4 Rfe8 16. Bd2 a6 17. a4 Qd6 18. Bg5 h6 19. Be3 Rec8 20. h3 Qb4 21. Bd3 Rd8 22. Rd2 Qa5 23. Qd1 Nd5 24. Rc1 Rdc8 25. Nxd5 Bxd5 26. Rdc2 Rxc2 27. Qxc2 b5 28. Qc7 Qxc7 29. Rxc7 Nf6 30. axb5 axb5 31. Ne5 Ne8 32. Rd7 Bxe5 33. dxe5 Bc6 34. Rd4 Kg7 35. Rh4 h5 36. Rd4 Nc7 37. Rd6 Be8 38. Bg5 Ra1+ 39. Kh2 Kf8 40. Be4 Ra2 41. Bd8 Nd5 42. Bxd5 exd5 43. Bf6 d4 44. Rxd4 Rxb2 45. f3 Rc2 46. Rd8 Rc5 47. Rb8 Rc2 48. Kg3 Rc4 49. f4 Rc2 50. Kh4 Rxg2 51. Rb7 Kg8 52. Be7 Kh7 53. Rb8 Bc6 54. Bf6 g5+ 55. Bxg5 Kg6 56. Rd8 Be4 57. Rh8 Bd5 58. Rh6+ Kf5 59. Rb6 Rb2 60. Kxh5 b4 61. h4 b3 62. Kh6 Rh2 63. h5 Be6 64. Rb4 Rh3 65. Bf6 Kg4 66. f5+ Kxf5 67. Bh8 Rf3 68. Kh7 Rf4 69. Rb6 Kg5 70. h6 Kh5 71. Bg7 Rh4 72. Bf8 Rg4 73. Ba3 Rg2 74. Bc1 Rg1 75. Be3 Rg3 76. Bc1 Rg2 77. Rb8 Rg1 78. Be3 Rg3 79. Bc1 Rg1 80. Be3 Rg2 81. Bc1 Rc2 82. Kg7 Rg2+ 83. Kf6 Rf2+ 1/2-1/2

[Event "HB Global Chess Challenge"]
[Site "?"]
[Date "2005.05.19"]
[Round "3.11"]
[White "Kraai Jesse"]
[Black "Mikhalevski Victor"]
[Result "0-1"]
[WhiteElo "2494"]
[BlackElo "2666"]
[PlyCount "64"]
[EventDate "2005.??.??"]
[Source "www.chesslib.no"]
[SourceDate "2004.05.04"]

1. Nf3 Nf6 2. c4 g6 3. Nc3 d5 4. e3 Bg7 5. Qb3 e6 6. d4 O-O 7. Bd2 c5 8. dxc5 Nbd7 9. Qa3 Re8 10. cxd5 exd5 11. Bb5 Bf8 12. b4 b6 13. c6 Ne5 14. c7 Qxc7 15. Bxe8 Nxf3+ 16. gxf3 Nxe8 17. Rc1 Qe5 18. Qb3 Be6 19. Ne2 d4 20. Qb2 Qh5 21. Nxd4 Bg7 22. Bc3 Bd5 23. Qd2 Nd6 24. h4 Nc4 25. Qe2 Ne5 26. Rh3 Nxf3+ 27. Kf1 Rc8 28. Bb2 Rxc1+ 29. Bxc1 Bxd4 30. exd4 Qf5 31. h5 Qc8 32. Qe3 Bc4+ 0-1

[Event "X Open"]
[Site "Salou SPA"]
[Date "2008.05.14"]
[Round "7"]
[White "Mirzoev, A."]
[Black "Burmakin, V."]
[Result "1-0"]
[WhiteElo "2543"]
[BlackElo "2615"]
[PlyCount "91"]
[EventDate "2008.05.08"]
[Source "www.chesslib.no"]
[SourceDate "2004.05.04"]

1. d4 d5 2. c4 c6 3. e3 Nf6 4. Nf3 g6 5. Nc3 Bg7 6. Qb3 O-O 7. Bd2 e6 8. Bd3 Nbd7 9. O-O b6 10. a4 Bb7 11. cxd5 exd5 12. a5 c5 13. Bb5 c4 14. Qa4 a6 15. Bxd7 Nxd7 16. axb6 Nxb6 17. Qa5 Re8 18. Ne2 Qd6 19. Bb4 Qe6 20. Ne5 Bh6 21. h3 f6 22. Nf3 Reb8 23. Nc3 Nd7 24. Rfb1 Bc6 25. e4 Nb6 26. e5 f5 27. h4 Nd7 28. Bd6 Rb7 29. Ra3 Bf8 30. Bxf8 Nxf8 31. h5 gxh5 32. Ne2 f4 33. Qd2 Ng6 34. Rba1 Bb5 35. Nxf4 Nxf4 36. Qxf4 Rg7 37. Ng5 Qg6 38. Rg3 Rf8 39. Qh4 Qf5 40. Nh3 Rxg3 41. Qxg3+ Kh8 42. Qe3 Rg8 43. Nf4 Rg4 44. Nxd5 Qg6 45. Qf3 Rxd4 46. Ne7 1-0

[Event "Leeuwarden"]
[Site "?"]
[Date "1994.??.??"]
[Round "?"]
[White "Mikhalevski, V."]
[Black "Sokolov, I."]
[Result "0-1"]
[WhiteElo "2530"]
[BlackElo "2625"]
[PlyCount "66"]
[EventDate "1994.??.??"]
[Source "ChessBase"]
[SourceDate "1994.06.01"]

1. d4 d5 2. c4 c6 3. e3 Nf6 4. Nf3 g6 5. Qb3 Bg7 6. Nc3 O-O 7. Bd2 dxc4 8. Bxc4 b5 9. Bd3 a5 10. Qc2 Na6 11. a3 Bb7 12. Ne4 Rc8 13. b4 c5 14. Nxc5 Bxf3 15. gxf3 e5 16. Bxb5 Nc7 17. Bd3 exd4 18. e4 axb4 19. axb4 Nh5 20. Qb3 Qf6 21. Ke2 Ne6 22. Nd7 Nef4+ 23. Kd1 Qg5 24. Bf1 d3 25. Ra5 Qh4 26. Be3 Rfd8 27. Nc5 Qf6 28. Kd2 Ne6 29. Nxe6 Rc2+ 30. Qxc2 dxc2+ 31. Nxd8 Qc3+ 32. Ke2 Qc4+ 33. Ke1 Bc3+ 0-1

[Event "BL 0304"]
[Site "Germany"]
[Date "2004.03.07"]
[Round "10.2"]
[White "Jussupow, Artur"]
[Black "Stohl, Igor Dr"]
[Result "1/2-1/2"]
[WhiteElo "2589"]
[BlackElo "2556"]
[PlyCount "64"]
[EventDate "2004.03.06"]
[Source "Roberto Alvarez"]
[SourceDate "2004.03.22"]

1. d4 Nf6 2. Nf3 g6 3. c4 Bg7 4. Nc3 d5 5. e3 O-O 6. Qb3 e6 7. Bd2 Nc6 8. cxd5 exd5 9. Rc1 Ne7 10. Bd3 c6 11. O-O Qb6 12. Qa3 Bf5 13. Na4 Qc7 14. Bb4 Bxd3 15. Qxd3 Rfe8 16. Bxe7 Rxe7 17. b4 a6 18. Nc5 Ne4 19. a4 Nd6 20. Qb3 Rae8 21. Nd3 Qc8 22. Nf4 Qd7 23. Rc2 Bh6 24. Ne5 Qf5 25. Ne2 Bg7 26. Nd3 h5 27. Nef4 h4 28. h3 Bh6 29. Rc5 Ne4 30. Rc2 Nd6 31. Rc5 Ne4 32. Rc2 Nd6 1/2-1/2

[Event "XI Festival"]
[Site "Voronezh RUS"]
[Date "2007.06.15"]
[Round "4"]
[White "Burmakin, V."]
[Black "Smikovski, I."]
[Result "1-0"]
[WhiteElo "2593"]
[BlackElo "2552"]
[PlyCount "131"]
[EventDate "2007.06.12"]
[Source "www.chesslib.no"]
[SourceDate "2004.05.04"]

1. d4 Nf6 2. Nf3 g6 3. c4 Bg7 4. Nc3 d5 5. e3 O-O 6. Qb3 e6 7. Bd2 b6 8. Be2 Bb7 9. O-O Nbd7 10. cxd5 exd5 11. Rfd1 Re8 12. Be1 c6 13. Qc2 Bf8 14. Rab1 a5 15. Bd3 Rc8 16. a3 Bd6 17. b4 axb4 18. axb4 Qe7 19. Na4 Ne4 20. Nd2 Bc7 21. Nxe4 dxe4 22. Be2 Nf6 23. Qb3 Red8 24. b5 cxb5 25. Nc3 Nd5 26. Nxb5 Bb8 27. Rdc1 h5 28. Nc3 Qd6 29. g3 Nxc3 30. Bxc3 Bc7 31. Bc4 Bd5 32. Bxd5 Qxd5 33. Qxd5 Rxd5 34. Bb4 Rd7 35. Ra1 Rcd8 36. Rc6 Bd6 37. Rxb6 Bxb4 38. Rxb4 Rc8 39. h3 Kg7 40. Rb5 Re7 41. g4 hxg4 42. hxg4 Rc6 43. g5 f6 44. gxf6+ Rxf6 45. Rab1 Ref7 46. R1b2 Rf5 47. Rb6 Kh6 48. Re6 Rg5+ 49. Kf1 Rg4 50. Rc2 Rf5 51. Rd2 Kg7 52. Rc2 Kh6 53. Rec6 Ra5 54. R6c5 Ra6 55. Rc1 Rh4 56. R5c2 Rf6 57. Rc8 Rg4 58. Rh8+ Kg7 59. Rh2 Ra6 60. Rg2 Rh4 61. Kg1 Rf6 62. Rc7+ Kh6 63. Re7 Rf5 64. Re6 Rg5 65. Rg3 Kh5 66. Re8 1-0

[Event "XXIV ECC"]
[Site "Kallithea GRE"]
[Date "2008.10.19"]
[Round "3"]
[White "Andreikin, D."]
[Black "Klimov, S."]
[Result "1-0"]
[WhiteElo "2603"]
[BlackElo "2521"]
[PlyCount "68"]
[EventDate "2008.10.17"]
[Source "www.chesslib.no"]
[SourceDate "2004.05.04"]

1. c4 g6 2. d4 Nf6 3. Nc3 d5 4. e3 Bg7 5. Qb3 c6 6. Nf3 O-O 7. Bd2 e6 8. Bd3 Nbd7 9. O-O b6 10. cxd5 exd5 11. a4 a6 12. a5 b5 13. Qa3 Re8 14. Ne2 Ne4 15. Bb4 f5 16. Rac1 Bb7 17. Rc2 Qf6 18. Nf4 Qf7 19. Be2 g5 20. Nd3 Re6 21. Nfe5 Nxe5 22. Nxe5 Bxe5 23. dxe5 Rxe5 24. f3 Nf6 25. f4 gxf4 26. Rxf4 Rae8 27. Bc5 Qe6 28. Rf3 Ng4 29. Bd4 Re4 30. Bd3 Rxd4 31. exd4 Qe1+ 32. Bf1 Qe4 33. Qc3 Ne3 34. Bd3 Qg4 1-0

[Event "4th Open A"]
[Site "Moscow RUS"]
[Date "2008.02.04"]
[Round "3"]
[White "Burmakin, V."]
[Black "Nikolenko, O."]
[Result "1/2-1/2"]
[WhiteElo "2611"]
[BlackElo "2509"]
[PlyCount "40"]
[EventDate "2008.02.02"]
[Source "www.chesslib.no"]
[SourceDate "2004.05.04"]

1. d4 Nf6 2. Nf3 g6 3. c4 Bg7 4. Nc3 d5 5. e3 O-O 6. Qb3 e6 7. Be2 Nc6 8. O-O Na5 9. Qa4 Nxc4 10. Bxc4 dxc4 11. Qxc4 b6 12. b4 Bb7 13. Bb2 Bxf3 14. gxf3 Nd5 15. Rfc1 Rc8 16. b5 Re8 17. f4 Qh4 18. Nxd5 Qg4+ 19. Kf1 Qh3+ 20. Kg1 Qg4+ 1/2-1/2

[Event "RUS Cup final 5th"]
[Site "Kazan"]
[Date "2001.10.06"]
[Round "5"]
[White "Burmakin, Vladimir"]
[Black "Timofeev, Artyom"]
[Result "1-0"]
[WhiteElo "2593"]
[BlackElo "2521"]
[PlyCount "141"]
[EventDate "2001.10.02"]
[Source "ChessBase"]
[SourceDate "2001.02.01"]

1. d4 Nf6 2. Nf3 g6 3. c4 Bg7 4. Nc3 d5 5. e3 O-O 6. Bd2 c6 7. Qb3 Qb6 8. Qxb6 axb6 9. cxd5 Nxd5 10. Nxd5 cxd5 11. a3 Bd7 12. Rc1 Nc6 13. Bb5 f6 14. Rc3 e5 15. Rb3 Rfe8 16. O-O e4 17. Ne1 Re6 18. Nc2 Bf8 19. f3 f5 20. fxe4 fxe4 21. Nb4 Rd6 22. Be2 Na7 23. Be1 Ba4 24. Rc3 Bb5 25. Bxb5 Nxb5 26. Rb3 Rc8 27. Bg3 Rd7 28. Na2 Nd6 29. Bxd6 Rxd6 30. Nc3 Bh6 31. Re1 Kf7 32. Kf2 Bg5 33. Ke2 Ke6 34. Rb5 Be7 35. Rf1 h5 36. Kd2 g5 37. h3 Rh8 38. g4 hxg4 39. hxg4 Rh2+ 40. Kd1 Rh3 41. Rf5 Rxe3 42. Re5+ Kf7 43. Nxd5 Rd3+ 44. Ke2 Bf6 45. Nxf6 Rxf6 46. Rxe4 Rh3 47. Kd2 Rf2+ 48. Re2 Rf4 49. Rxg5 Rxd4+ 50. Kc2 Rc4+ 51. Kb1 Rh6 52. Rf5+ Rf6 53. Ref2 Rxf5 54. Rxf5+ Ke6 55. Rb5 Rc6 56. b3 Kd7 57. a4 Kc7 58. Kb2 Kd7 59. Ka3 Rd6 60. Kb2 Rc6 61. Rb4 Kd8 62. Rc4 Rg6 63. Kc3 b5 64. axb5 b6 65. Re4 Kd7 66. Kd4 Kd6 67. b4 Rg5 68. Ke3 Kd5 69. Kf3 Rg8 70. Rf4 Ke6 71. Rc4 1-0

[Event "JUG-ch"]
[Site "Kladovo"]
[Date "1990.??.??"]
[Round "?"]
[White "Damljanovic, Branko"]
[Black "Kozul, Zdenko"]
[Result "1/2-1/2"]
[WhiteElo "2535"]
[BlackElo "2575"]
[PlyCount "122"]
[EventDate "1990.02.??"]
[Source "ChessBase"]

1. Nf3 Nf6 2. c4 g6 3. Nc3 d5 4. e3 Bg7 5. Qb3 e6 6. d4 O-O 7. Bd2 c6 8. Bd3 Nbd7 9. O-O c5 10. cxd5 exd5 11. Nxd5 Nxd5 12. Qxd5 Ne5 13. Qxd8 Nxf3+ 14. gxf3 Rxd8 15. Rfd1 cxd4 16. e4 Be6 17. Rdc1 Rdc8 18. Rxc8+ Rxc8 19. f4 Bf8 20. f3 Rc5 21. b3 a5 22. Kf2 b6 23. Rg1 Bh6 24. Rc1 Rxc1 25. Bxc1 a4 26. Bc4 axb3 27. axb3 b5 28. Bxe6 fxe6 29. Ke2 e5 30. Kd3 Kf7 31. Bd2 Bg7 32. fxe5 Bxe5 33. h3 Ke6 34. Bc1 Kd6 35. Ba3+ Kc6 36. Be7 Kd7 37. Bc5 Ke6 38. Bxd4 Bd6 39. Be3 Be5 40. f4 Bc7 41. Bd4 h5 42. Be3 Ba5 43. Bc5 Bc7 44. Ke3 Ba5 45. Bd4 Bc7 46. Ba7 Ba5 47. Kd4 Be1 48. Bb8 Bf2+ 49. Kc3 Be1+ 50. Kd3 Ba5 51. Be5 Bb6 52. Ke2 Ba5 53. Kf2 Bb6+ 54. Kg3 Ba5 55. Bd4 Be1+ 56. Bf2 Ba5 57. Kf3 Bd8 58. Bc5 Ba5 59. Ba3 Bc7 60. Bb2 Ba5 61. Bg7 Bb6 1/2-1/2

[Event "Bundesliga 9697"]
[Site "Germany"]
[Date "1997.??.??"]
[Round "?.2"]
[White "Bauer, Christian"]
[Black "Ftacnik, Lubomir"]
[Result "1-0"]
[WhiteElo "2505"]
[BlackElo "2595"]
[PlyCount "89"]
[EventDate "1996.10.??"]
[Source "ChessBase"]
[SourceDate "1999.07.01"]

1. d4 Nf6 2. Nf3 g6 3. c4 Bg7 4. Nc3 d5 5. e3 O-O 6. Qb3 dxc4 7. Bxc4 Nc6 8. Be2 b6 9. O-O Be6 10. Qa4 Bd7 11. Rd1 Qe8 12. Qc4 Rc8 13. e4 e6 14. Bf4 Na5 15. Qd3 Qe7 16. Ne5 Rfd8 17. Qf3 Be8 18. Bg5 h6 19. Bh4 Nc6 20. Qe3 g5 21. Nxc6 Bxc6 22. Bg3 Bb7 23. h4 c5 24. dxc5 Qxc5 25. Qxc5 bxc5 26. f3 Nh5 27. Bf2 Nf4 28. Bf1 Bd4 29. hxg5 hxg5 30. Nb5 Bxb2 31. Rxd8+ Rxd8 32. Rb1 a6 33. Rxb2 axb5 34. Bxc5 Rd1 35. Kf2 Bc6 36. Be3 Nd3+ 37. Bxd3 Rxd3 38. Bxg5 Rc3 39. Bf6 Rc4 40. Ke3 Kh7 41. g4 Kg6 42. g5 Rc5 43. Rh2 Rxg5 44. Bxg5 Kxg5 45. Rc2 1-0

[Event "Kavala"]
[Site "?"]
[Date "2006.07.11"]
[Round "9"]
[White "Gelashvili Tamaz"]
[Black "Drazic Sinisa"]
[Result "1/2-1/2"]
[WhiteElo "2575"]
[BlackElo "2514"]
[PlyCount "115"]
[EventDate "2006.??.??"]
[Source "www.chesslib.no"]
[SourceDate "2004.05.04"]

1. Nf3 d5 2. e3 g6 3. d4 Bg7 4. c4 Nf6 5. Nc3 O-O 6. Qb3 e6 7. Be2 Nc6 8. Qd1 dxc4 9. Bxc4 Nd5 10. O-O Nb6 11. Bb5 Bd7 12. e4 a6 13. Be2 e5 14. dxe5 Bg4 15. Qxd8 Rfxd8 16. Bg5 Re8 17. Rac1 Bxf3 18. Bxf3 Bxe5 19. b3 Nd4 20. Bg4 h5 21. Bh3 Ne6 22. Bxe6 Rxe6 23. Rfd1 Rae8 24. Be3 Nc8 25. f3 Rc6 26. Na4 Rxc1 27. Rxc1 Bd6 28. Nc5 Bxc5 29. Rxc5 c6 30. Bg5 Re6 31. Kf2 f6 32. Bc1 Kf7 33. h4 Nd6 34. Bf4 Ke7 35. b4 b5 36. Ke2 Nc4 37. Kd3 Kd7 38. g4 Ne5+ 39. Bxe5 fxe5 40. gxh5 gxh5 41. Ke3 a5 42. a3 a4 43. f4 exf4+ 44. Kxf4 Rf6+ 45. Ke3 Rg6 46. Rg5 Rxg5 47. hxg5 Ke6 48. Kf4 c5 49. bxc5 b4 50. g6 bxa3 51. g7 Kf7 52. g8=Q+ Kxg8 53. c6 a2 54. c7 a1=Q 55. c8=Q+ Kf7 56. Qd7+ Kf6 57. Qd6+ Kf7 58. Qd7+ 1/2-1/2

[Event "Vikings GM 2nd"]
[Site "York"]
[Date "2000.12.14"]
[Round "2"]
[White "Barsov, Alexei"]
[Black "Hillarp Persson, Tiger"]
[Result "1/2-1/2"]
[WhiteElo "2534"]
[BlackElo "2549"]
[PlyCount "29"]
[EventDate "2000.12.13"]
[Source "ChessBase"]
[SourceDate "2001.03.20"]

1. d4 Nf6 2. c4 g6 3. Nc3 d5 4. Nf3 Bg7 5. e3 O-O 6. Bd2 c6 7. Qb3 e6 8. Bd3 b6 9. O-O Bb7 10. cxd5 exd5 11. e4 c5 12. exd5 Nbd7 13. Be3 cxd4 14. Bxd4 Nxd5 15. Bxg7 1/2-1/2

[Event "SUI-chT"]
[Site "SUI"]
[Date "1995.??.??"]
[Round "6"]
[White "Gheorghiu, Florin"]
[Black "Gavrikov, Viktor"]
[Result "1/2-1/2"]
[WhiteElo "2475"]
[BlackElo "2605"]
[PlyCount "63"]
[EventDate "1995.??.??"]
[Source "ChessBase"]

1. d4 Nf6 2. c4 g6 3. Nc3 d5 4. Nf3 Bg7 5. e3 O-O 6. Bd2 c6 7. Qb3 b6 8. Rc1 e6 9. Be2 Nbd7 10. cxd5 exd5 11. O-O Bb7 12. Rfd1 Re8 13. Ne1 c5 14. dxc5 Nxc5 15. Qc2 Rc8 16. Nf3 a6 17. Be1 Qe7 18. Qb1 Nce4 19. Nd4 h6 20. Nxe4 dxe4 21. Rxc8 Rxc8 22. Rc1 Qd8 23. Rxc8 Qxc8 24. Qc2 Qd7 25. h3 Bf8 26. b4 Bd6 27. b5 axb5 28. Nxb5 Be5 29. Bc3 Qe7 30. Bxe5 Qxe5 31. Qc3 Qxc3 32. Nxc3 1/2-1/2

[Event "Kostic mem"]
[Site "?"]
[Date "1977.??.??"]
[Round "5"]
[White "Knezevic Milorad"]
[Black "Smejkal Jan"]
[Result "1/2-1/2"]
[WhiteElo "2500"]
[BlackElo "2575"]
[PlyCount "43"]
[EventDate "1977.??.??"]
[Source "www.chesslib.no"]
[SourceDate "2004.05.04"]

1. d4 Nf6 2. c4 g6 3. Nc3 d5 4. e3 Bg7 5. Qb3 e6 6. Nf3 O-O 7. Bd2 b6 8. cxd5 exd5 9. Be2 Bb7 10. O-O Nbd7 11. Rfd1 Re8 12. Be1 c6 13. a4 a5 14. Qc2 Qe7 15. Na2 Ne4 16. Rab1 Qe6 17. b4 axb4 18. Nxb4 c5 19. dxc5 bxc5 20. Nd3 Bc6 21. Nf4 Qd6 22. Bb5 1/2-1/2

[Event "RUS-Cup1 Chigorin mem"]
[Site "St Petersburg"]
[Date "1996.??.??"]
[Round "8"]
[White "Eingorn, Vereslav S"]
[Black "Yandemirov, Valeri"]
[Result "1/2-1/2"]
[WhiteElo "2585"]
[BlackElo "2465"]
[PlyCount "120"]
[EventDate "1996.11.??"]
[Source "ChessBase"]

1. c4 Nf6 2. Nc3 d5 3. e3 g6 4. Qb3 c6 5. Nf3 Bg7 6. d4 O-O 7. Be2 dxc4 8. Bxc4 Nbd7 9. e4 Nb6 10. Be2 Be6 11. Qc2 Bg4 12. Be3 Qc7 13. O-O Rfe8 14. Rad1 Rad8 15. Ne5 Bxe2 16. Nxe2 Nbd7 17. Bf4 Nxe5 18. Bxe5 Qa5 19. b4 Qb6 20. a3 Nh5 21. Bxg7 Nxg7 22. Qc4 a5 23. Rb1 axb4 24. Rxb4 Qa7 25. Rfb1 Rd7 26. Qb3 Ne6 27. Rxb7 Rxb7 28. Qxb7 Qxb7 29. Rxb7 Rd8 30. Rxe7 Nxd4 31. Nxd4 Rxd4 32. f3 Ra4 33. Rc7 Rxa3 34. Rxc6 h5 35. Rc2 Kg7 36. Kf2 Rb3 37. f4 Rb4 38. Re2 f5 39. Kf3 Rb3+ 40. Re3 fxe4+ 41. Kxe4 Rb2 42. Kf3 Kf6 43. Rc3 Rb5 44. h3 g5 45. Rc6+ Kg7 46. Re6 Rb3+ 47. Re3 Rb5 48. Re5 Rb3+ 49. Kf2 gxf4 50. Rxh5 Kg6 51. Rd5 Ra3 52. Rd8 Kg5 53. Rg8+ Kf5 54. h4 Rb3 55. Rg5+ Kf6 56. Rc5 Rg3 57. Rc6+ Kg7 58. h5 Rg5 59. h6+ Kh7 60. Rf6 Rg4 1/2-1/2

[Event "Kiev"]
[Site "Kiev UKR"]
[Date "1978.??.??"]
[Round "10"]
[White "Knezevic, Milorad"]
[Black "Beliavsky, Alexander G"]
[Result "1/2-1/2"]
[WhiteElo "2505"]
[BlackElo "2530"]
[PlyCount "36"]
[EventDate "1978.??.??"]
[Source "www.chesslib.no"]
[SourceDate "2004.05.04"]

1. c4 Nf6 2. d4 g6 3. Nc3 d5 4. e3 Bg7 5. Qb3 c6 6. Nf3 O-O 7. Bd2 b6 8. Be2 dxc4 9. Qxc4 Bb7 10. O-O Nbd7 11. b4 c5 12. bxc5 bxc5 13. Rab1 Qc8 14. Qb5 Bc6 15. Qa5 Qd8 16. Qa6 Qc8 17. Qa5 Qd8 18. Qa6 Qc8 1/2-1/2

[Event "RUS-Cup07"]
[Site "Togliatty"]
[Date "2001.08.13"]
[Round "6"]
[White "Burmakin, Vladimir"]
[Black "Karpeshov, Oleg"]
[Result "1-0"]
[WhiteElo "2593"]
[BlackElo "2437"]
[PlyCount "89"]
[EventDate "2001.08.08"]
[Source "ChessBase"]
[SourceDate "2001.09.11"]

1. d4 d5 2. Nf3 Nf6 3. c4 c6 4. e3 g6 5. Nc3 Bg7 6. Qb3 O-O 7. Bd2 e6 8. Bd3 Nbd7 9. O-O Nb6 10. Rfd1 dxc4 11. Bxc4 Nfd7 12. Ne4 Nxc4 13. Qxc4 Nb6 14. Qc2 Nd5 15. Rac1 h6 16. Ne5 g5 17. Ng3 f5 18. e4 fxe4 19. Qxe4 Bd7 20. Nh5 Be8 21. Ng6 Bxg6 22. Qxg6 Qd7 23. h4 Qf7 24. Qxg7+ Qxg7 25. Nxg7 Kxg7 26. hxg5 hxg5 27. Bxg5 Rh8 28. Rd3 Rh5 29. Bd2 Rah8 30. Kf1 Rf5 31. Rb3 Rf7 32. g3 Rh2 33. Be1 Kg6 34. Ke2 Rd7 35. Rf3 Ne7 36. Bc3 Nf5 37. Rd1 Kg5 38. Rdd3 Rd5 39. Bd2+ Kg6 40. Rf4 c5 41. dxc5 Rxc5 42. Rg4+ Kf6 43. Bc3+ e5 44. Rf3 Rh5 45. Rb4 1-0

[Event "It (open)"]
[Site "?"]
[Date "2005.10.05"]
[Round "5"]
[White "Burmakin Vladimir"]
[Black "Akesson Ralf"]
[Result "1/2-1/2"]
[WhiteElo "2558"]
[BlackElo "2466"]
[PlyCount "47"]
[EventDate "2005.??.??"]
[Source "www.chesslib.no"]
[SourceDate "2004.05.04"]

1. d4 Nf6 2. c4 g6 3. Nc3 Bg7 4. Nf3 d5 5. e3 O-O 6. Qb3 e6 7. Be2 b6 8. O-O Bb7 9. Rd1 Nbd7 10. cxd5 Nxd5 11. Na4 Qe7 12. Bd2 Rfc8 13. e4 N5f6 14. e5 Nd5 15. Rac1 h6 16. Nc3 c5 17. Nxd5 Bxd5 18. Qa3 Bf8 19. Ba6 Rc7 20. Qd3 Rd8 21. Bb5 Rdc8 22. Ba6 Rd8 23. Bb5 Rdc8 24. Ba6 1/2-1/2

[Event "Novi Sad ol (Men)"]
[Site "Novi Sad YUG"]
[Date "1990.??.??"]
[Round "3"]
[White "Miralles, Gilles"]
[Black "Petursson, Margeir"]
[Result "1/2-1/2"]
[WhiteElo "2460"]
[BlackElo "2555"]
[PlyCount "44"]
[EventDate "1990.11.??"]
[Source "www.chesslib.no"]
[SourceDate "2004.05.04"]

1. d4 d5 2. c4 c6 3. Nc3 Nf6 4. e3 g6 5. Nf3 Bg7 6. Qb3 O-O 7. Bd2 e6 8. Bd3 Nbd7 9. O-O dxc4 10. Qxc4 c5 11. dxc5 Nxc5 12. Bxg6 hxg6 13. Qxc5 b6 14. Qc4 Bb7 15. e4 b5 16. Qxb5 Nxe4 17. Qxb7 Nxd2 18. Nxd2 Qxd2 19. Rad1 Qf4 20. g3 Qc4 21. Rd2 a5 22. Re1 Bxc3 1/2-1/2